000 00808nam a22001577a 4500
003 OSt
005 20160509104700.0
008 160509b xxu||||| |||| 00| 0 eng d
040 _cRUA
082 _aAGR TAU 2005 B470 Or.1
100 _98328
_aTAUCH UNG; តូច អង
245 _aEffect of different animal manure on growth and yield of bitter gourd at royal university of agriculture, ឥទ្ធិពលជីលាមកសត្វប្រភេទផ្សេងគ្នាទៅលើការលូតលាស់ និងទិន្នផលដំណាំម្រះក្នុងល័ក្ខខណ្ឌដីសាកលវិទ្យាល័យភូមិន្ទកសិកម្ម
260 _aPhnom penh
_bRUA
_c2005
300 _axi,55p.
_bill.
_c29cm.
942 _2ddc
_cAGR
999 _c7980
_d7980